Normal view
MARC view
Entry Personal Name
001 - CONTROL NUMBER
- control field: 60423
003 - CONTROL NUMBER IDENTIFIER
- control field: dpl
005 - DATE AND TIME OF LATEST TRANSACTION
- control field: 20231229123656.0
008 - FIXED-LENGTH DATA ELEMENTS
- fixed length control field: 231229|| aca||aabn | a|a d
040 ## - CATALOGING SOURCE
- Original cataloging agency: dpl
- Transcribing agency: dpl
100 ## - HEADING--PERSONAL NAME
- Personal name: Sarkar,Sukanta
670 ## - SOURCE DATA FOUND
- Source citation: Work cat.: (dpl)103668: Sarkar,Sukanta, Horn of African economy:, 2016
